Estatísticas para Músculos da mímica facial

Clique aqui para jogar o quiz

Estatísticas Gerais

  • Esse quiz foi jogado 42 vezes
  • A pontuação média é 5 de 12

Estatísticas das Respostas

HintResposta% Correto
4Bucinador
75%
10Risório
66%
6Mentual
63%
11Zigomático maior
63%
12Zigomático menor
63%
7Depressor do lábio inferior
44%
8Depressor do ângulo da boca
38%
1Elevador do lábio superior
31%
5Orbicular dos lábios
31%
3Elevador do ângulo da boca
25%
2Elevador do lábio superior e da asa do nariz
19%
9Platisma
19%

Distribuição das Pontuações

Percentil de Números Respondidos

Porcentagem de Pessoas com Cada Pontuação

Sua Pontuação Histórica

Você não jogou esse quiz